000 00350nam a22001577a 4500
003 OSt
008 220614b ||||| |||| 00| 0 eng d
020 _a9353162343
082 _a005.133 BAP
100 _aBALAGURUSMY ,E
245 _aProgramming with JAVA
250 _a6th
260 _aNew Delhi
_bTMH
_c2022
300 _a586
942 _2ddc
_cBK
999 _c11367
_d11367